000 01194nam a2200325 a 4500
001 000116161
003 CHAP
005 20220329144603.0
008 190925s2017 mx a |r| ||||||spa d
010 _a112622
011 _a113594
020 _a9786078501465
040 _cCHAP
082 0 4 _a338.10972
_bR42 2017 v.5
245 0 0 _aReportes del CEDRSSA :
_bvolumen V /
_ccompilado por Alma Valdés Salas y Horacio Vázquez Flora.
260 _aMéxico, D.F. :
_bCámara de Diputados LXIII Legislatura. Centro de Estudios para el Desarrollo Rural Sustentable y la Soberanía Alimentaria,
_c2017.
300 _a214 p. :
_bcuadros, gráficas.
590 _aE5765TAJ
_b05
_c20190925
_lUCH01
_h1212
590 _aE5765TAJ
_b05
_c20190925
_lUCH01
_h1212
650 1 4 _aAgricultura
_xSubsidios.
_91827
650 1 4 _aDesarrollo rural
_zMéxico.
_9124616
650 1 4 _aPobreza rural
_xAsistencia institucional.
_9136904
650 1 4 _aProductos agrícolas
_xAspectos económicos
_zMéxico.
_991919
650 1 4 _aSalud pública
_zMéxico.
_9101844
700 0 _aVázquez Flora, Horacio
_ecomp.
_9120352
700 1 _aValdés Salas, Alma
_ecomp.
_9136625
901 _aBK
942 _cLIBRO
942 _n0
999 _c112622
_d112622